00678nam a2200181 i 450000100060000000300090000600500170001500700030003200800410003510000720007624501120014826000420026030000320030260000350033465100480036965100480041785200310046581809ES-MaACL20250407063105.0t|041108s1944 sp ||||1| spa d1 aIbáñez de Ibero, Carlos, cMarqués de Mulhacén, d1888-196610aDon Juan de Austria b: político e innovador / cpor Carlos Ibáñez de Ibero, Marqués de Mulhacén. aMadrid : bAfrodisio Aguado, c[1944] a340 p., 9 lám. ; c22 cm.14aAustria, Juan de (d1545-1578) 4aEspaña-xHistoria-y1556-1598, Felipe II. 4aEspaña-xPolítica exterior-y1556-1598. aES-MaACLjC-9539 bR.37688